000 00505nam a2200157Ia 4500
008 230917s9999||||xx |||||||||||||| ||und||
020 _cPOU1
040 _e4136
_aMAIN
041 _aEnglish
082 _a332.46 J13T
100 _aJackman, Richard
245 0 _aTaming the tiger: An essay in the economic theory and political economy of indexation to mitigate the consequences of, and slow down, inflation
260 _aLondon
_bInstitute of Economic Afffairs
_c1975
300 _a64 p.
942 _cBK
999 _c156778
_d156778